| 000 | 01453nam a2200265Ia 4500 | ||
|---|---|---|---|
| 999 |
_c55865 _d55865 |
||
| 001 | 22963 | ||
| 003 | GE_BSU | ||
| 005 | 20230613171552.0 | ||
| 008 | 181216s ||||ge |||||||||||||| || || | ||
| 040 | _cGE_BSU | ||
| 041 | _ageo | ||
| 080 | _a821.353.1'01.09(075) კ-38 | ||
| 100 |
_aკეკელიძე, კორნელი _918631 |
||
| 245 |
_aძველი ქართული ლიტერატურის ისტორია (V-XVIII სს.) : _bსახელმძღვ. უმაღლ. სკოლებისათვის / _cკორნელი კეკელიძე, ალექსანდრე ბარამიძე ; რედ. ლ. მენაბდე. |
||
| 264 |
_aთბილისი : _bთბილ. უნ-ტის გამ-ბა, _c1987. |
||
| 300 |
_a496 გვ. ; _c26 სმ. |
||
| 500 | _aსაძიებელი : გვ. 478-494 | ||
| 541 | _h3ლ.80თ. | ||
| 653 | _aძველი ქართული ლიტერატურის ისტორია | ||
| 653 | _aძველი ქართული ლიტერატურის ისტორია (V-XVIII სს.) | ||
| 653 | _aძველი ქარტული ლიტერატურა | ||
| 700 |
_aბარამიძე, ალექსანდრე _eავტორი _97553 |
||
| 700 |
_aმენაბდე, ლ. _eრედაქტორი _914531 |
||
| 942 |
_cBK _2udc |
||